Tecnología de los alimentos de origen animal / (Record no. 173978)
[ view plain ]
| 000 -CABECERA | |
|---|---|
| campo de control de longitud fija | 01555nam a2200421Ia 4500 |
| 001 - NÚMERO DE CONTROL | |
| campo de control | dia_3520 |
| 003 - IDENTIFICADOR DEL NÚMERO DE CONTROL | |
| campo de control | CHAP |
| 005 - FECHA Y HORA DE LA ÚLTIMA TRANSACCIÓN | |
| campo de control | 20230310124556.0 |
| 008 - DATOS DE LONGITUD FIJA--INFORMACIÓN GENERAL | |
| campo de control de longitud fija | 220117s2014 xx 000 0 und d |
| 010 ## - NÚMERO DE CONTROL DE LA BIBLIOTECA DEL CONGRESO | |
| Número de control de LC | 173978 |
| 020 ## - NÚMERO INTERNACIONAL ESTÁNDAR DEL LIBRO | |
| Número Internacional Estándar del Libro | 978-84-9077-022-1 |
| 040 ## - FUENTE DE LA CATALOGACIÓN | |
| Centro/agencia transcriptor | CHAP |
| 082 ## - NÚMERO DE LA CLASIFICACIÓN DECIMAL DEWEY | |
| Número de clasificación | 664.9 T43 2014 |
| 245 ## - MENCIÓN DE TÍTULO | |
| Título | Tecnología de los alimentos de origen animal / |
| Mención de responsabilidad, etc. | edición Juan Antonio Ordóñez Pereda y Gonzalo García de Fernando ; colaboración Ma. Dolores Selgas...[et al.] |
| 260 ## - PUBLICACIÓN, DISTRIBUCIÓN, ETC. | |
| Lugar de publicación, distribución, etc. | España : |
| Nombre del editor, distribuidor, etc. | Sintesis, |
| Fecha de publicación, distribución, etc. | 2014 |
| 300 ## - DESCRIPCIÓN FÍSICA | |
| Extensión | v. |
| 440 ## - MENCIÓN DE SERIE/PUNTO DE ACCESO ADICIONAL--TÍTULO | |
| Título | Manuales Científico-Técnicos |
| 9 (RLIN) | 154812 |
| 500 ## - NOTA GENERAL | |
| Nota general | La biblioteca tiene el v.1. |
| 503 ## - NOTA DE HISTORIA BIBLIOGRÁFICA (BK CF MU) [OBSOLETO] | |
| Nota de historia bibliográfica | C. |
| 504 ## - NOTA DE BIBLIOGRAFÍA, ETC. | |
| Nota de bibliografía, etc. | Incluye bibliografías |
| 505 ## - NOTA DE CONTENIDO CON FORMATO | |
| Nota de contenido con formato | v.Fundamentos de química y microbiología de alimentos |
| 590 ## - NOTA LOCAL (RLIN) | |
| Nota local | TP370.4 T43 2014 |
| 650 ## - PUNTO DE ACCESO ADICIONAL DE MATERIA--TÉRMINO DE MATERIA | |
| Término de materia o nombre geográfico como elemento de entrada | Alimentos |
| Subdivisión general | Análisis |
| 9 (RLIN) | 4164 |
| 650 ## - PUNTO DE ACCESO ADICIONAL DE MATERIA--TÉRMINO DE MATERIA | |
| Término de materia o nombre geográfico como elemento de entrada | Alimentos |
| Subdivisión general | Manuales de laboratorio |
| 9 (RLIN) | 154813 |
| 650 ## - PUNTO DE ACCESO ADICIONAL DE MATERIA--TÉRMINO DE MATERIA | |
| Término de materia o nombre geográfico como elemento de entrada | Food industry |
| Subdivisión general | Handbooks, manuals, etc. |
| 9 (RLIN) | 154814 |
| 650 ## - PUNTO DE ACCESO ADICIONAL DE MATERIA--TÉRMINO DE MATERIA | |
| Término de materia o nombre geográfico como elemento de entrada | Food industry |
| Subdivisión general | Technology |
| 9 (RLIN) | 147008 |
| 650 ## - PUNTO DE ACCESO ADICIONAL DE MATERIA--TÉRMINO DE MATERIA | |
| Término de materia o nombre geográfico como elemento de entrada | Food |
| Subdivisión general | Analysis |
| 9 (RLIN) | 147009 |
| 650 ## - PUNTO DE ACCESO ADICIONAL DE MATERIA--TÉRMINO DE MATERIA | |
| Término de materia o nombre geográfico como elemento de entrada | Food |
| Subdivisión general | Laboratory manuals |
| 9 (RLIN) | 154815 |
| 650 ## - PUNTO DE ACCESO ADICIONAL DE MATERIA--TÉRMINO DE MATERIA | |
| Término de materia o nombre geográfico como elemento de entrada | Industria de los alimentos |
| Subdivisión general | Manuales |
| 9 (RLIN) | 154816 |
| 650 ## - PUNTO DE ACCESO ADICIONAL DE MATERIA--TÉRMINO DE MATERIA | |
| Término de materia o nombre geográfico como elemento de entrada | Industria de los alimentos |
| Subdivisión general | Tecnología |
| 9 (RLIN) | 148182 |
| 700 ## - PUNTO DE ACCESO ADICIONAL--NOMBRE DE PERSONA | |
| Nombre de persona | García de Fernando, Gonzalo, ed. |
| 9 (RLIN) | 154817 |
| 700 ## - PUNTO DE ACCESO ADICIONAL--NOMBRE DE PERSONA | |
| Nombre de persona | Ordóñez Pereda, Juan A., ed. |
| 9 (RLIN) | 151389 |
| 700 ## - PUNTO DE ACCESO ADICIONAL--NOMBRE DE PERSONA | |
| Nombre de persona | Selgas, Ma. Dolores, colab. |
| 9 (RLIN) | 154818 |
| 901 ## - ELEMENTOS DE DATOS A LOCAL LDA (RLIN) | |
| a | 664.9 T43 2014 |
| 902 ## - ELEMENTOS DE DATOS B LOCAL, LDB (RLIN) | |
| a | M |
| 905 ## - ELEMENTOS DE DATOS E LOCAL, LDE (RLIN) | |
| a | 5232272014 SP aimn8222223322spa16 |
| 942 ## - ELEMENTOS DE PUNTO DE ACCESO ADICIONAL (KOHA) | |
| Tipo de ítem Koha | Libro |
| Fuente del sistema de clasificación o colocación | Dewey Decimal Classification |
| Estado de retiro | Estado de pérdida | Fuente del sistema de clasificación o colocación | Estado dañado | No para préstamo | Código de colección | Localización permanente | Ubicación/localización actual | Fecha de adquisición | Información codificada de la localización en otra ubicación | Total de préstamos | Signatura topográfica completa | Código de barras | Fecha visto por última vez | Fecha del último préstamo | Número de copia | Precio válido a partir de | Tipo de ítem Koha |
|---|---|---|---|---|---|---|---|---|---|---|---|---|---|---|---|---|---|
| Dewey Decimal Classification | General | Ingenieria Agroindustrial | Ingenieria Agroindustrial | 18/01/2022 | 1 | 16 | 664.9 T43 2014 | dia_013052 | 17/03/2026 | 17/03/2026 | 4 | 18/01/2022 | Libro | ||||
| Dewey Decimal Classification | General | Ingenieria Agroindustrial | Ingenieria Agroindustrial | 18/01/2022 | 1 | 5 | 664.9 T43 2014 | dia_013049 | 12/05/2025 | 12/05/2025 | 1 | 18/01/2022 | Libro | ||||
| Dewey Decimal Classification | General | Ingenieria Agroindustrial | Ingenieria Agroindustrial | 18/01/2022 | 1 | 6 | 664.9 T43 2014 | dia_013050 | 04/11/2025 | 04/11/2025 | 2 | 18/01/2022 | Libro | ||||
| Dewey Decimal Classification | General | Ingenieria Agroindustrial | Ingenieria Agroindustrial | 18/01/2022 | 1 | 7 | 664.9 T43 2014 | dia_013051 | 24/04/2026 | 16/04/2026 | 3 | 18/01/2022 | Libro |
